02140nam a22001577a 4500999001900000008004100019100004900060245008900109260003800198300003000236520153700266773004001803906002701843942000701870952010501877 c514239d514239201020b ||||| |||| 00| 0 eng d aNagatsu, Michiru and Favereau, Judith918744 aTwo strands of field experiments in economics: a historical methodological analysis  aPhilosophy of the Social Sciences a50(1), Jan, 2020: p.45-77 aWhile the history and methodology of laboratory experiments in economics have been extensively studied by philosophers, those of field experiments have not attracted much attention until recently. What is the historical context in which field experiments have been advocated? And what are the methodological rationales for conducting experiments in the field as opposed to in the lab? This article addresses these questions by combining historical and methodological perspectives. In terms of history, we show that the movement toward field experiments in economics has two distinct roots. One is the general orientation of medical and social sciences to evidence-based policy evaluation, which gave rise to randomized field experiments in economics (e.g., behavioral public policy, poverty alleviation policy). The other is an awareness of several methodological limitations of lab experiments in economics, which required practitioners to get out of the lab and into the field. In these senses, the movement is a consequence of influences from both outside and inside economics: the general evidence-based trend in policy science and an internal methodological development of experimental economics. In terms of methodology, we show that these two roots resulted in two somewhat different notions of “external validity” as methodological rationales of field experiment. Finally, we suggest that analysis of experiments as exhibits highlights a methodological strategy in which both strands complement each other.- Reproduced  aPhilosophy of the Social Sciences  aEXPERIMENTAL ECONOMICS cAR 00102ddc40709388250aIIPAbIIPAd2020-10-20h50(1), Jan, 2020: p.45-77pAR123277r2020-10-20yAR